[Event "GER-ch U25-B"]
[Site "Willingen"]
[Date "2023.06.01"]
[Round "7"]
[White "Claussen, Alexander"]
[Black "Lossin, Charlotte"]
[Result "0-1"]
[WhiteElo "1430"]
[BlackElo "1518"]
[PlyCount "38"]
[EventDate "2023.05.27"]
[EventType "swiss"]
[EventRounds "9"]
[EventCountry "GER"]
[SourceTitle "CBM 214 Extra"]
[Source "ChessBase"]
[SourceDate "2023.07.31"]
[SourceVersion "1"]
[SourceVersionDate "2023.07.31"]
[SourceQuality "1"]

1. b3 d5 2. e3 e5 3. Bb2 Bd6 4. f4 exf4 5. Bxg7 Qh4+ 6. g3 fxg3 7. Bg2 gxh2+ 8. Kf1 Bg4 9. Nf3 Qh5 10. Bxh8 Ne7 11. Qe2 Nf5 12. Qb5+ Nd7 13. Kf2 Bg3+ 14. Ke2 Nh4 15. Rf1 Nxg2 16. Nc3 h1Q 17. Nxd5 Bxf3+ 18. Kd3 Be2+ 19. Kc3 Bxb5 0-1

[Event "GER-ch U25-B"]
[Site "Willingen"]
[Date "2023.05.31"]
[Round "6"]
[White "Derhay, Davyd"]
[Black "Claussen, Alexander"]
[Result "0-1"]
[WhiteElo "1376"]
[BlackElo "1430"]
[PlyCount "58"]
[EventDate "2023.05.27"]
[EventType "swiss"]
[EventRounds "9"]
[EventCountry "GER"]
[SourceTitle "CBM 214 Extra"]
[Source "ChessBase"]
[SourceDate "2023.07.31"]
[SourceVersion "1"]
[SourceVersionDate "2023.07.31"]
[SourceQuality "1"]

1. e4 e6 2. d4 d5 3. exd5 exd5 4. Bd3 Bd6 5. Ne2 Nf6 6. 0-0 Be6 7. Bf4 c6 8. Re1 Qc7 9. Bg3 Nbd7 10. c3 0-0-0 11. b4 Bg4 12. Nd2 h5 13. a4 Bxg3 14. fxg3 h4 15. Nf3 hxg3 16. Nxg3 Rxh2 17. Kxh2 Nh5 18. Kg1 Qxg3 19. Re3 Nf4 20. Qd2 Rh8 21. Ra2 Bxf3 22. Rxf3 Qh2+ 23. Kf1 Qh1+ 24. Kf2 Qxg2+ 25. Ke3 Re8+ 26. Kxf4 g5+ 27. Kf5 Qxf3+ 28. Kxg5 Rg8+ 29. Kh4 Qg4# 0-1

[Event "Heusenstamm Sparkassen op U14 6th"]
[Site "Heusenstamm"]
[Date "2019.11.24"]
[Round "6"]
[White "Claussen, Alexander"]
[Black "Henrich, Leonard"]
[Result "1-0"]
[WhiteElo "1220"]
[BlackElo "1006"]
[PlyCount "77"]
[EventDate "2019.11.21"]
[EventType "swiss"]
[EventRounds "7"]
[EventCountry "GER"]
[SourceTitle "CBM 194 Extra"]
[Source "ChessBase"]
[SourceDate "2020.03.31"]
[SourceVersion "1"]
[SourceVersionDate "2020.03.31"]
[SourceQuality "1"]

1. d4 d5 2. g3 Nc6 3. Bg2 Bf5 4. c3 e6 5. Qb3 b6 6. Nd2 Bd6 7. e4 dxe4 8. Nxe4 Bxe4 9. Bxe4 Nf6 10. Bxc6+ Nd7 11. Bxa8 Qxa8 12. f3 0-0 13. Be3 e5 14. 0-0-0 Nf6 15. dxe5 Bxe5 16. Bd4 Ng4 17. Qc2 Bxd4 18. Rxd4 Ne3 19. Qd3 c5 20. Rh4 h6 21. Qxe3 Re8 22. Re4 Rxe4 23. Qxe4 Qxe4 24. fxe4 f6 25. Ne2 Kf7 26. Nf4 g5 27. Nd5 Ke6 28. Rf1 Ke5 29. Rxf6 Kxe4 30. Nc7 h5 31. Kd2 Ke5 32. Re6+ Kf5 33. Ke3 g4 34. Re7 a5 35. Nd5 b5 36. Re8 b4 37. cxb4 axb4 38. Nxb4 cxb4 39. Kd4 1-0

[Event "Heusenstamm Sparkassen op U14 6th"]
[Site "Heusenstamm"]
[Date "2019.11.23"]
[Round "4"]
[White "Claussen, Alexander"]
[Black "Eull, Emil"]
[Result "0-1"]
[WhiteElo "1220"]
[BlackElo "1504"]
[PlyCount "84"]
[EventDate "2019.11.21"]
[EventType "swiss"]
[EventRounds "7"]
[EventCountry "GER"]
[SourceTitle "CBM 194 Extra"]
[Source "ChessBase"]
[SourceDate "2020.03.31"]
[SourceVersion "1"]
[SourceVersionDate "2020.03.31"]
[SourceQuality "1"]

1. d4 Nf6 2. g3 e6 3. Bg2 c5 4. c3 d5 5. Qb3 Nc6 6. Nf3 Bd6 7. Nbd2 0-0 8. Ng5 h6 9. e4 hxg5 10. e5 Bxe5 11. dxe5 Nxe5 12. 0-0 Nd3 13. c4 Nxc1 14. Raxc1 Qd6 15. Nf3 Ne4 16. Rcd1 Rd8 17. cxd5 exd5 18. Rfe1 c4 19. Qc2 g4 20. Nh4 Nf6 21. Nf5 Bxf5 22. Qxf5 Qd7 23. Qf4 Re8 24. Rf1 Rad8 25. Rd2 Qd6 26. Qd4 Qb6 27. Qc3 Ne4 28. Bxe4 Rxe4 29. Rfd1 Qe6 30. Rd4 Qf5 31. b3 cxb3 32. Qxb3 Rxd4 33. Rxd4 b6 34. Qc3 Rc8 35. Qe3 Qf3 36. Qg5 Re8 37. Qc1 Re2 38. Rf4 Qd3 39. Qc8+ Kh7 40. Qxg4 Re1+ 41. Kg2 Qf1+ 42. Kf3 Qh1# 0-1

[Event "GER-chT U10"]
[Site "Magdeburg"]
[Date "2016.12.29"]
[Round "6.1"]
[White "Claussen, Alexander"]
[Black "Miranda Martin, Pablo Mateo"]
[Result "1/2-1/2"]
[WhiteElo "809"]
[BlackElo "1001"]
[PlyCount "42"]
[EventDate "2016.12.27"]
[EventType "team-swiss"]
[EventRounds "7"]
[EventCountry "GER"]
[SourceTitle "EXT 2018"]
[Source "ChessBase"]
[SourceDate "2017.10.13"]
[SourceVersion "1"]
[SourceVersionDate "2017.10.13"]
[SourceQuality "1"]
[WhiteTeam "Essen Werden"]
[BlackTeam "Walldorf"]
[WhiteTeamCountry "GER"]
[BlackTeamCountry "GER"]

1. d4 d5 2. g3 Nf6 3. Bg2 Bg4 4. h3 Bh5 5. c3 e6 6. Qb3 b6 7. Nd2 Be7 8. Qa4+ Qd7 9. Qxd7+ Nbxd7 10. e4 c6 11. e5 Ng8 12. Ngf3 f6 13. 0-0 fxe5 14. dxe5 Nh6 15. Nd4 Bf7 16. Nxc6 Nf5 17. c4 Nc5 18. b3 Rc8 19. Nxe7 Nxe7 20. Nf3 Nf5 21. Rd1 Rd8 1/2-1/2